01937cam a22003858i 4500999001700000001000900017003000900026005001700035007001500052008004100067020004300108040003800151043001200189082002600201100003300227245012600260264005300386264001000439300003800449336002600487337002600513338003600539500002500575504005100600520027600651588010300927650004501030650005501075653002501130655002401155776015701179906004501336942001201381952015801393 c28046d2801720542582EG-ScBUE20200212102255.0cr_|||||||||||180614t2019 nyud f b 001 0 eng d z9780190914493 (hardcover : alk. paper) aDLCbengerdacDLCdDLCdEG-ScBUE ad------04a382.71091724bPAN2221 aPanagariya, Arvind,eauthor.10aFree trade and prosperity :bhow openness helps developing countries grow richer and combat poverty /cArvind Panagariya. 1aNew York, NY :bOxford University Press,c[2019] 4cc2019 axiv, 362 pages :bcharts ;c24 cm atextbtxt2rdacontent acomputerbn2rdamedia aonline resourcebnc2rdacarrier aIncludes appendices. aIncludes bibliographical references and index. aThis volume offers a rousing defense of pro-free-trade policies and their benefits for developing countries. Through cross-country evidence and detailed case studies, Arvind Panagariya demonstrates the need for trade openness for sustained growth and poverty alleviation. aDescription based on print version record and CIP data provided by publisher; resource not viewed. 7aFree tradezDeveloping countries.2BUEsh 7aEconomic developmentzDeveloping countries.2BUEsh bBUSECOcFebruary2020 vReading book93423208iPrint version:aPanagariya, Arvind, author.tFree trade and prosperitydNew York, NY : Oxford University Press, [2019]z9780190914493w(DLC) 2018026679 a7bripcorigcopd1eecipf20gy-gencatlg 2ddccBB 00102ddc40708AlahramaMAINbMAINc1STd2020-02-12ePurchaseg735.00h488l0o382.71091724 PANp000048640r2025-07-15 00:00:00v918.75w2020-02-12yBB